000 00921nac a22001811u 4500
008 101223s1989 xxu||||| |||| 00| 0 ara d
082 _a623.865
_bم ل ط
100 1 _aالملط ، محمود ربيع
_921648
110 _aAl Akademeya Al Arabeya Lel Nakl Al Baharey
_921655
245 _aقواعد الامان الصناعي على السفن /
_cمحمود ربيع الملط
260 _a[القاهرة] :
_bالأكاديمية العربية للنقل البحرى ، 1989
_c1989.
300 _a262 ص :
_bايض ؛
_c24 سم.
650 _aالسفن
_921654
_xأجهزة ومعدات
650 _aالسفن
_921653
_xأجهزة الآمان
650 _aالأمن الصناعى
_921652
942 _cBB
_k623.865 م ل ط
_2ddc
999 _c6453
_d6453